Guess the football legends - Statistics

General Stats
  • This quiz has been taken 77 times
  • The average score is 8 of 15
Answer Stats
Hint Answer % Correct
Has scored the most goals in history. Cristiano Ronaldo
91%
Has the most Bundesliga goals in a season Robert Lewandowski
86%
Has won three world cups Pele
81%
Has the most golden boots Lionel Messi
79%
Has the most Bundesliga titles Thomas Muller
72%
Scored the farthest bicycle kick of all time Zlatan Ibrahimovic
67%
Most expensive transfer of all time Neymar
66%
Scored hat trick in world cup final Kylian Mbappe
62%
Has won the golden boot with scoring a single penalty and a legend for Barcelona Luis Suarez
62%
Scored nine goals in one match Erling Haaland
43%
Has the most Premier league titles Ryan Giggs
43%
Has the most Seria a titles Gianluigi Buffon
40%
Insulted Thomas Muller in a press conference Diego Maradona
16%
Only goalkeeper to win the European treble twice Manuel Neur
14%
Has played with Pele, Maradona, Messi, Ronaldo, and Maldini soccer ball
2%
No matching quizzes found
Score Distribution
Percent of People with Each Score
Percentile by Number Answered
Your Score History
You have not taken this quiz